000 00272nam a22001217a 4500
008 170412b xxu||||| |||| 00| 0 eng d
041 _aALB
080 _a612.39
100 _a10
101 _aSHM
245 _aTE USHQYERIT E JOPERTYPESVE
_cBAKALLI, R.I
942 _2udc
_cBK
999 _c10479
_d10479